<?xml version="1.0" encoding="UTF-8"?>
<record
    xmlns:xsi="http://www.w3.org/2001/XMLSchema-instance"
    xsi:schemaLocation="http://www.loc.gov/MARC21/slim http://www.loc.gov/standards/marcxml/schema/MARC21slim.xsd"
    xmlns="http://www.loc.gov/MARC21/slim">

  <leader>01216nam a22002417a 4500</leader>
  <controlfield tag="005">20141205114453.0</controlfield>
  <controlfield tag="008">141205b2010    ck |||||r|||| 00| 0 spa d</controlfield>
  <datafield tag="040" ind1=" " ind2=" ">
    <subfield code="c">CO-BoIH</subfield>
  </datafield>
  <datafield tag="041" ind1=" " ind2=" ">
    <subfield code="a">spa</subfield>
  </datafield>
  <datafield tag="044" ind1=" " ind2=" ">
    <subfield code="a">ck</subfield>
  </datafield>
  <datafield tag="090" ind1=" " ind2=" ">
    <subfield code="a">EA</subfield>
    <subfield code="b">00193</subfield>
  </datafield>
  <datafield tag="110" ind1="1" ind2=" ">
    <subfield code="a">Colombia </subfield>
    <subfield code="b">Corporaci&#xF3;n para el Desarrollo Sostenible del Norte y Oriente Amaz&#xF3;nico</subfield>
    <subfield code="9">29929</subfield>
  </datafield>
  <datafield tag="245" ind1="1" ind2=" ">
    <subfield code="a">3&#xB0; Agroforesteria : Sistemas de producci&#xF3;n integrados :</subfield>
    <subfield code="b">"Proyecto : Asistencia para el Ordenamiento Forestal Productivo de la Zona de Reserva Campesina del Departamento del Guaviare"</subfield>
  </datafield>
  <datafield tag="260" ind1=" " ind2=" ">
    <subfield code="a">San Jos&#xE9; del Guaviare :</subfield>
    <subfield code="b">Corporaci&#xF3;n para el Desarrollo Sostenible del Norte y Oriente Amaz&#xF3;nico, </subfield>
    <subfield code="b">Ministerio de Ambiente, Vivienda y Desarrollo Territorial,</subfield>
    <subfield code="b">ITTO,</subfield>
    <subfield code="c">2010.</subfield>
  </datafield>
  <datafield tag="300" ind1=" " ind2=" ">
    <subfield code="a">28 pag</subfield>
    <subfield code="b">Fot (col.)</subfield>
    <subfield code="c">23 x 29 cm.</subfield>
  </datafield>
  <datafield tag="504" ind1=" " ind2=" ">
    <subfield code="a">Incluye referencias bibliogr&#xE1;ficas (pag 28)</subfield>
  </datafield>
  <datafield tag="650" ind1=" " ind2="6">
    <subfield code="a">Cultivos tropicales</subfield>
    <subfield code="v">Ensayos </subfield>
    <subfield code="z"> Amazonas (Dpt. Colombia)</subfield>
    <subfield code="9">29930</subfield>
  </datafield>
  <datafield tag="650" ind1=" " ind2="6">
    <subfield code="a">Palmito</subfield>
    <subfield code="x">Cultivo</subfield>
    <subfield code="z"> Amazonas (Dpt. Colombia)</subfield>
    <subfield code="9">29931</subfield>
  </datafield>
  <datafield tag="650" ind1=" " ind2="6">
    <subfield code="a">Chontaduro</subfield>
    <subfield code="v">Cultivo</subfield>
    <subfield code="z">Amazonas (Dpt. Colombia)</subfield>
    <subfield code="9">29932</subfield>
  </datafield>
  <datafield tag="650" ind1=" " ind2="6">
    <subfield code="a">Productos forestales</subfield>
    <subfield code="z">Amazonas (Dpt. Colombia)</subfield>
    <subfield code="9">29933</subfield>
  </datafield>
  <datafield tag="650" ind1=" " ind2="4">
    <subfield code="a">Proyectos agr&#xED;colas</subfield>
    <subfield code="z">Amazonas (Dpt. Colombia)</subfield>
    <subfield code="9">29934</subfield>
  </datafield>
  <datafield tag="942" ind1=" " ind2=" ">
    <subfield code="2">z</subfield>
    <subfield code="c">LIBRO</subfield>
  </datafield>
  <datafield tag="999" ind1=" " ind2=" ">
    <subfield code="c">8873</subfield>
    <subfield code="d">8873</subfield>
  </datafield>
  <datafield tag="952" ind1=" " ind2=" ">
    <subfield code="0">0</subfield>
    <subfield code="1">0</subfield>
    <subfield code="2">z</subfield>
    <subfield code="4">0</subfield>
    <subfield code="7">0</subfield>
    <subfield code="8">EDUAMBIENT</subfield>
    <subfield code="I">INV2017</subfield>
    <subfield code="a">Venado</subfield>
    <subfield code="b">Venado</subfield>
    <subfield code="d">2014-12-05</subfield>
    <subfield code="e">Instituto</subfield>
    <subfield code="g">39000.00</subfield>
    <subfield code="l">0</subfield>
    <subfield code="o">EA-00193</subfield>
    <subfield code="p">034867</subfield>
    <subfield code="r">2014-12-05 00:00:00</subfield>
    <subfield code="t">Ej. 1</subfield>
    <subfield code="w">2014-12-05</subfield>
    <subfield code="x">Donaci&#xF3;n</subfield>
    <subfield code="y">LIBRO</subfield>
  </datafield>
</record>
